000 00770nam a2200253Ia 4500
003 OSt
005 20220924120110.0
006 a|||||r|||| 00| 0
007 ta
008 220923b |||||||| |||| 00| 0 urd d
020 _c1200
024 _a285506
037 _b4310, 19/11/2014, Kitabi Duniya
_cTextual
040 _aARTS
_cARTS
_burd
041 _2urd
_aurd
082 _aO168,1N31x, Q4.1-.2
100 _aFaraz Ahmed
_9180755
245 0 _aMajmoae Ahmed Faraz
_b Complete works of ahmad faraz in two volumes
260 _aDelhi
_bKitabi Duniya India
_c2014
490 _vvol 1
650 _aURDU POETRY
942 _hO168,1N31x, Q4.1-.2
_cTEXL
_2CC
999 _c401216
_d401216